[Event "SRB-chT2 East CS"]
[Site "Serbia"]
[Date "2012.09.14"]
[Round "1.46"]
[White "Majstorovic, Dusan"]
[Black "Mitic, Jovan Dj"]
[Result "1-0"]
[WhiteElo "2039"]
[BlackElo "2116"]
[PlyCount "61"]
[EventDate "2012.09.14"]
[EventType "team"]
[EventRounds "9"]
[EventCountry "SRB"]
[SourceTitle "EXT 2015"]
[Source "ChessBase"]
[SourceDate "2014.11.20"]
[SourceVersion "1"]
[SourceVersionDate "2014.11.20"]
[SourceQuality "1"]

1. e4 c5 2. Nc3 Nc6 3. g3 g6 4. Bg2 Bg7 5. f4 d6 6. Nf3 Nf6 7. d3 0-0 8. 0-0 Be6 9. h3 h6 10. Be3 Rb8 11. Qd2 Kh7 12. g4 b5 13. f5 b4 14. Ne2 Bd7 15. g5 Ng8 16. gxh6 Bxh6 17. Bxh6 Nxh6 18. fxg6+ fxg6 19. Qg5 e5 20. Qg3 Qe7 21. Nh4 g5 22. Nf5 Nxf5 23. exf5 Qf6 24. Qg4 Ne7 25. Ng3 d5 26. Nh5 Qh6 27. Ng3 Qh4 28. Rae1 Nc6 29. Bxd5 Rbe8 30. Ne4 Nd4 31. Nxg5+ 1-0